LEADER 00896nam0-22003371i-450- 001 990003857510403321 005 20130508112942.0 035 $a000385751 035 $aFED01000385751 035 $a(Aleph)000385751FED01 035 $a000385751 100 $a20030910d--------km-y0itay50------ba 101 0 $aeng 102 $aGB 200 1 $aEconomics & Agriculture$fby Anne Martin. 210 $aLondon$cRoutledge & Kegan Paul$d1958. 215 $aviii, 169 p.$cill.$d22 cm 610 0 $aEconomia politica$aManuali 610 0 $aPolitica agraria 676 $aC/2 676 $aH/1.14 700 1$aMartin,$bAnne$0382455 801 0$aIT$bUNINA$gRICA$2UNIMARC 901 $aBK 912 $a990003857510403321 952 $aC/2 MAR/58$b014745$fSES 952 $aISVE Q1/15$b5474$fDECTS 959 $aSES 959 $aDECTS 996 $aEconomics & Agriculture$9515079 997 $aUNINA LEADER 01137oam 2200349z- 450 001 9910142718803321 005 20241212215505.0 010 $a9781509095681 010 $a1509095683 035 $a(CKB)1000000000331182 035 $a(EXLCZ)991000000000331182 100 $a20220608c2006uuuu -u- - 101 0 $aeng 200 10$a2006 IEEE Conference on Cybernetics and Intelligent Systems $eBangkok, Thailand, 7-9 June 2006 210 $cIEEE 311 08$a9781424400225 311 08$a1424400228 311 08$a9781424400232 311 08$a1424400236 517 $a2006 IEEE Conference on Cybernetics and Intelligent Systems 517 $aIntelligent Systems 531 $aCYBERNETICS & INTELLIGENT SYSTEMS, 2006 IEEE CONFERENCE ON 606 $aSystems engineering$vCongresses 606 $aCybernetics$vCongresses 615 0$aSystems engineering 615 0$aCybernetics 676 $a003/.5 712 02$aInstitute of Electrical and Electronics Engineers. 906 $aPROCEEDING 912 $a9910142718803321 996 $a2006 IEEE Conference on Cybernetics and Intelligent Systems$92871347 997 $aUNINA